LEADER 01278nam0 2200277 450 001 000007162 005 20060509150213.0 010 $a960-15-1253-5$bAnt. N. Sakkoulos 010 $a2-8027--1961-0$bBruylant 100 $a20060509d2005----km-y0itay50------ba 101 0 $afre 102 $aGR 200 1 $a<>obligations de service public dans les lignes aériennes et les aéroports en droit communautaire de la concurrence$eprix de droit et économie du transport aérien et spatial de l'Académie nationale de l'Air et de l'Espace (2004)$fKostis Kostopoulos 210 $aAthènes$cAnt. N. Sakkoulos$aBruxelles$cBruylant$d2005 215 $a498 p.$d24 cm 225 2 $aPublications of the Hellinic Institute of International and Foreign Law$v22 410 0$12001$aPublications of the Hellinic Institute of International and Foreign Law 610 1 $aSpazio aereo$aConvenzioni internazionali 610 1 $aDiritto comunitario 676 $a341.45$v20 700 1$aKostopoulos,$bKostis$0630507 801 0$aIT$bUNIPARTHENOPE$c20060509$gRICA$2UNIMARC 912 $a000007162 951 $aH-0188$b38522$cNAVA3$d2006 996 $aObligations de service public dans les lignes aériennes et les aéroports en droit communautaire de la concurrence$91205501 997 $aUNIPARTHENOPE LEADER 00996nam0 22002651i 450 001 UON00106794 005 20231205102619.165 100 $a20020107d1967 |0itac50 ba 101 $aita$aGRC 102 $aIT 105 $a|||| 1|||| 200 1 $aEpigrammi$fAgazia Scolastico$gtesto, traduzione e commento a cura di Giovanni Viansino 210 $aMilano$cLuigi Trevisini$d1967 215 $a229 p.$d23 cm 316 $aPROF.FLORES$5IT-UONSI T 1AGAT0100 620 $aIT$dMilano$3UONL000005 700 0$aAGATHIAS : Scholasticus$3UONV068142$0486371 702 1$aVIANSINO$bGiovanni$3UONV065461 712 $aTrevisini$3UONV269734$4650 801 $aIT$bSOL$c20240220$gRICA 899 $aSIBA - SISTEMA BIBLIOTECARIO DI ATENEO$2UONSI 912 $aUON00106794 950 $aSIBA - SISTEMA BIBLIOTECARIO DI ATENEO$dSI T 1 AGAT 0100 $eSI MC 24112 5 PROF.FLORES 996 $aEpigrammi$91306500 997 $aUNIOR